Podniková predajňa

Špecifiká účtovania predaja tovaru cez vlastnú podnikovú predajňu. Článok je zameraný na vlastnú podnikovú predajňu prevádzkovanú samotným podnikom, ktorý tam predáva vlastné výrobky alebo externe nakúpený tovar (vrátane prípadov, kde je aj spotrebná daň). Situácii, keď podnik prevádzkuje vlastnú pr...

Ausführliche Beschreibung

Gespeichert in:
Bibliographische Detailangaben
1. Verfasser: Pastierik, Vladimír
Format: Buchkapitel
Sprache:Slowakisch
Schlagworte:
Tags: Tag hinzufügen
Keine Tags, Fügen Sie das erste Tag hinzu!

MARC

LEADER 00000naa a2200000 4500
001 0297463
005 20240417075256.2
041 0 |a slo 
044 |a SK 
245 1 0 |a Podniková predajňa  |c Vladimír Pastierik 
520 |a Špecifiká účtovania predaja tovaru cez vlastnú podnikovú predajňu. Článok je zameraný na vlastnú podnikovú predajňu prevádzkovanú samotným podnikom, ktorý tam predáva vlastné výrobky alebo externe nakúpený tovar (vrátane prípadov, kde je aj spotrebná daň). Situácii, keď podnik prevádzkuje vlastnú predajňu inou osobou v prenájme článok neuvádza, lebo je to prípad, keď podnik účtuje zásoby ako štandardný predaj do externého prostredia, keďže vtedy dochádza k zmene vlastníka. 
610 2 0 |a účtovníctvo daňové 
610 2 0 |a účtovníctvo podvojné 
610 2 0 |a predajne podnikové 
610 2 0 |a jednotka účtovná 
610 2 0 |a postupy účtovné 
610 2 0 |a predaj 
610 2 0 |a tovar 
610 2 0 |a dane z hodnoty pridanej 
610 2 0 |a dane spotrebné 
100 1 |a Pastierik, Vladimír